Informing a constitutional moment : (Record no. 12859)

MARC details
000 -LEADER
fixed length control field 00809cam a22002412 4500
001 - CONTROL NUMBER
control field 0000003487
005 - DATE AND TIME OF LATEST TRANSACTION
control field 20151217155822.0
008 - FIXED-LENGTH DATA ELEMENTS--GENERAL INFORMATION
fixed length control field 070508s xx 000 0 eng d
020 ## - INTERNATIONAL STANDARD BOOK NUMBER
International Standard Book Number 9966915680 :
040 ## - CATALOGING SOURCE
Original cataloging agency KABU
Transcribing agency KABU
050 #0 - LIBRARY OF CONGRESS CALL NUMBER
Classification number KSK1750
Item number .I54
245 10 - TITLE STATEMENT
Title Informing a constitutional moment :
Remainder of title essays on constitution reform in Kenya /
Statement of responsibility, etc. ed. by Morris Odhiambo, Osogo Ambani, Winnie Mitullah.
260 ## - PUBLICATION, DISTRIBUTION, ETC. (IMPRINT)
Place of publication, distribution, etc. Nairobi :
Name of publisher, distributor, etc. Claripress,
Date of publication, distribution, etc. 2005.
300 ## - PHYSICAL DESCRIPTION
Extent x, 174 p.
650 #0 - SUBJECT ADDED ENTRY--TOPICAL TERM
Topical term or geographic name as entry element Law reform
Geographic subdivision Kenya.
-- 0000153441
650 #0 - SUBJECT ADDED ENTRY--TOPICAL TERM
Topical term or geographic name as entry element Constitutional law
Geographic subdivision Kenya.
-- 0000153433
700 1# - ADDED ENTRY--PERSONAL NAME
Personal name Odhiambo, Morris.
-- 0000152868
700 1# - ADDED ENTRY--PERSONAL NAME
Personal name Mitullah, Winnie.
-- 0000153229
700 1# - ADDED ENTRY--PERSONAL NAME
Personal name Ambani, Osogo.
-- 0000153230
908 ## - PUT COMMAND PARAMETER (RLIN)
Put command parameter 070508
950 ## - LOCAL HOLDINGS (RLIN)
-- 1
Holdings
Withdrawn status Lost status Source of classification or shelving scheme Not for loan Home library Current library Date acquired Total Checkouts Total Renewals Full call number Barcode Date last seen Date last checked out Price effective from Koha item type
    Library of Congress Classification   Kabarak, Main Campus Kabarak, Main Campus 17/12/2015 1 1 KSK1750 .I54 003813 11/05/2017 27/01/2016 17/12/2015 Africana Collection
Designed with assistance from East African Informatics Ltd